Nemocenské dávky

Nemocenské poistenie fyzickej osoby zabezpečuje príjem v prípade straty a zníženia príjmu v dôsledku dočasnej pracovnej neschopnosti, ošetrovania členov rodiny chorého manžela (manželky), dieťaťa, v tehotenstve a v materstve. Ako sa tieto dávky vyplácajú a ako sa zdaňujú. Výška nemocenských dávok je...

Description complète

Enregistré dans:
Détails bibliographiques
Auteur principal: Boráková, Marta
Format: Chapitre de livre
Langue:slovaque
Sujets:
Tags: Ajouter un tag
Pas de tags, Soyez le premier à ajouter un tag!

MARC

LEADER 00000naa a2200000 4500
001 0224749
005 20231120135937.3
041 0 |a slo 
044 |a SK 
245 1 0 |a Nemocenské dávky  |c Marta Boráková 
520 |a Nemocenské poistenie fyzickej osoby zabezpečuje príjem v prípade straty a zníženia príjmu v dôsledku dočasnej pracovnej neschopnosti, ošetrovania členov rodiny chorého manžela (manželky), dieťaťa, v tehotenstve a v materstve. Ako sa tieto dávky vyplácajú a ako sa zdaňujú. Výška nemocenských dávok je závislá od výšky príjmu zamestnanca. 
610 2 0 |a poistenie nemocenské 
610 2 0 |a dávky poistenia sociálneho 
100 1 |a Boráková, Marta